000 01083cam a22002411 4500
001 e 51000007
003 DLC
005 20260227111234.0
008 791116s1951 dcu 000 0 eng
010 _ae 51000007
040 _aU.S. Office of Education. Library
_cDLC
_dDLC
043 _an-us---
050 0 0 _aLC1045
_b.A25 no. 243
082 0 0 _a630.7
100 1 _aJohnson, Elmer John,
_d1896-
245 1 4 _aThe advisory council for a department of vocational agriculture.
260 _a[Washington]
_bFederal Security Agency, Office of Education
_c[1951]
300 _aiv, 28 p.
_c23 cm.
490 1 _a[United States] Office of Education. Vocational Division. Bulletin no. 243. Agricutural series, no. 60
501 _aWith : Guide to occupational choice and training / Walter James Greenleaf. Washington : Govt. Print. Off., 1947. Bound together subsequent to publication.
_5DLC
650 0 _aAgricultural education
_zUnited States.
810 1 _aUnited States.
_bOffice of Education.
_bDivision of Vocational and Technical Education.
_tVocational Division bulletin
_vno. 243
999 _c22146
_d22146